[Event "Olympiad"]
[Site "Bled SLO"]
[Date "2002.11.08"]
[Round "13"]
[White "Chikwanda,W"]
[Black "Larrea,M"]
[Result "0-1"]
[WhiteElo "2016"]
[BlackElo "2184"]

1.e4 c5 2.Nf3 Nc6 3.d4 cxd4 4.Nxd4 Qb6 5.Nb3 Nf6 6.Nc3 e6 7.Be3 Qc7 8.a3 a6
9.f4 d6 10.a4 b6 11.Be2 Be7 12.O-O O-O 13.Kh1 Re8 14.Qe1 Bb7 15.Bf3 Bf8 16.Rd1 Nb4
17.Qf2 b5 18.axb5 axb5 19.Bb6 Qc8 20.Nxb5 Ra2 21.c3 Qc4 22.Rd4 Qxb5 23.Rxb4 Qa6
24.Be3 Rxb2 25.Qxb2 Qxf1+ 26.Bg1 Ba8 27.Nd2 Qe1 28.Qc2 d5 29.Rb1 Qh4 30.g3 Qh6
31.e5 Ne4 32.Nxe4 dxe4 33.Bxe4 Qg6 34.Re1 Rc8 35.Bd4 Bc5 36.Qg2 Bxd4 37.cxd4 Bxe4
38.Qxe4 Qxe4+ 39.Rxe4 Rc2 40.d5 exd5 41.Rd4 Rc5 42.f5 g6 43.f6 Kf8 44.Rb4 Rc8
45.Kg2 Re8 46.Kf3 Rxe5 47.g4 g5 48.Rb8+ Re8 49.Rb5 Rd8 50.Ke3 d4+ 51.Kd3 h6
52.Rb4 Kg8 53.Rxd4 Re8 54.Re4 Ra8 55.Kd4 Kh7 56.Ke3 Kg6 57.Rb4 Ra2 58.h4 Ra3+
59.Kf2 gxh4 60.Rb5 Rg3 61.Rb4 Kg5 62.Rb8  0-1

[Event "Olympiad w"]
[Site "Bled SLO"]
[Date "2002.11.10"]
[Round "14"]
[White "Mongontuul,B"]
[Black "Bosboom Lanchava,T"]
[Result "0-1"]
[WhiteElo "2375"]
[BlackElo "2341"]

1.e4 c5 2.Nf3 Nc6 3.d4 cxd4 4.Nxd4 Qc7 5.Nc3 e6 6.Be3 a6 7.Qd2 b5 8.O-O-O Be7
9.f3 Nf6 10.g4 d6 11.Nxc6 Qxc6 12.g5 Nd7 13.Ne2 Bb7 14.Kb1 Rc8 15.h4 Ne5
16.Nd4 Qc7 17.Rg1 Nc4 18.Bxc4 Qxc4 19.h5 g6 20.hxg6 hxg6 21.Rh1 Kd7 22.Nb3 Rxh1
23.Rxh1 Ba8 24.Bb6 d5 25.e5 d4 26.Nxd4 Bd5 27.b3 Qc3 28.Ba5 b4 29.Qxc3 Rxc3
30.Rh7 Bc5 31.Rxf7+ Ke8 32.Rf4 Re3 33.Bc7 Kd7 34.Ba5 Rxe5 35.c4 bxc3 36.Bxc3 Re3
37.Kc2 e5 38.Rh4 exd4 39.Bxd4 Bxd4 40.Rxd4 Ke6 41.f4 Re2+ 42.Kd3 Rxa2 43.Rb4 Ra3
44.Rb6+ Kf7 45.Kd4 Bxb3 46.Rb7+ Ke8 47.Ke5 Bc2 48.Ra7 Ra4 49.Ke6 Re4+ 50.Kd5 Rxf4
51.Rxa6 Rf5+ 52.Kd6 Rxg5 53.Ke6 Kf8 54.Rc6 Rg2 55.Rc7 Rf2  0-1

[Event "Olympiad w"]
[Site "Bled SLO"]
[Date "2002.11.10"]
[Round "14"]
[White "Ramaswamy,A"]
[Black "Botvinnik,Ir"]
[Result "0-1"]
[WhiteElo "2271"]
[BlackElo "2187"]

1.e4 c5 2.Nf3 Nc6 3.d4 cxd4 4.Nxd4 Qb6 5.Nb3 Nf6 6.Nc3 e6 7.Be3 Qc7 8.Qd2 a6
9.O-O-O d6 10.f3 Be7 11.g4 b5 12.g5 Nd7 13.h4 Nde5 14.f4 Ng4 15.Bg1 h5 16.Nd4 Na5
17.Bd3 Bd7 18.Kb1 O-O 19.f5 Nc4 20.Bxc4 Qxc4 21.Re1 Bd8 22.Nd1 Qc8 23.Rf1 a5
24.Ne3 Ne5 25.Bh2 Bb6 26.Ne2 Bxe3 27.Qxe3 exf5 28.Ng3 Nc4 29.Qd4 Qc5 30.Qd3 Qb4
31.b3 Nd2+ 32.Kb2 Nxf1 33.Rxf1 a4 34.c3 Qc5 35.b4 a3+ 36.Kc2 Qe5 37.exf5 Rac8
38.Bg1 Rfe8 39.Bd4 Qd5 40.Kb1 Qg2 41.Bf2 Re5 42.Kc2 Rc4 43.g6 fxg6 44.Qxd6 Bxf5+
45.Kb3 Qd5 46.Qxd5+ Rxd5 47.Bd4 Rdxd4 48.cxd4 Bc2+ 49.Kxa3 Rxd4 50.Kb2 Ba4
51.a3 Rxh4 52.Rf2 Rd4 53.Nf1 g5 54.Ne3 Rf4 55.Rg2 g4 56.Kc3 Kh7 57.Kd3 Kg6
58.Nd5 Rf3+ 59.Ke4 Kg5 60.Ne3 g6 61.Kd4 Bb3 62.Ke4 Rf8 63.Kd4 Rd8+ 64.Kc5 Ba4
65.Nd5 h4 66.Nb6 h3 67.Re2 g3 68.Re5+ Kf4 69.Re1  0-1

[Event "Olympiad"]
[Site "Bled SLO"]
[Date "2002.11.10"]
[Round "14"]
[White "Larrea,M"]
[Black "Sakelsek,T"]
[Result "0-1"]
[WhiteElo "2184"]
[BlackElo "2296"]

1.e4 c5 2.Nf3 Nc6 3.d4 cxd4 4.Nxd4 Qc7 5.Nb5 Qb8 6.Bd3 e6 7.O-O Nf6 8.f4 d6
9.Be3 Be7 10.Qf3 O-O 11.Nd2 a6 12.Nc3 b5 13.Qh3 Nb4 14.Nf3 e5 15.f5 d5 16.exd5 Nxd3
17.cxd3 b4 18.Ne4 Nxd5 19.Bg5 Bxg5 20.Nfxg5 h6 21.Qh4 hxg5 22.Nxg5 Qb6+ 23.Kh1 Qh6
24.Qg3 Nf4 25.Rae1 Bb7 26.Rxe5 Bxg2+ 27.Kg1 Bxf1 28.Qxf4 Bxd3  0-1

[Event "Kubanskaja Osen"]
[Site "Krasnodar RUS"]
[Date "2002.11.15"]
[Round "1"]
[White "Stambulian,A"]
[Black "Gasanov,E"]
[Result "1/2-1/2"]
[WhiteElo "2469"]
[BlackElo "2473"]

1.e4 c5 2.Nf3 Nc6 3.d4 cxd4 4.Nxd4 Qb6 5.Nb3 Nf6 6.Nc3 e6 7.Bd3 d6 8.O-O Be7
9.Kh1 O-O 10.f4 Qc7 11.Qe2 a6 12.Bd2 b5 13.Rae1 Bb7 14.a3 Rfe8 15.e5 Nd7
16.exd6 Bxd6 17.Ne4 Bf8 18.Qf2 Ne7 19.Ba5 Qb8 20.Ng5 Nf5 21.Nd4 Bc5 22.Bc3 h6
23.Bxf5 exf5 24.Rxe8+ Qxe8 25.Ngf3 Nf6 26.Qh4 Qd7 27.Nb3 Be7 28.Qh3 Qd5 29.Nbd4 Ng4
30.Qg3 Bf6 31.h3 Ne3 32.Rg1 Kh8 33.Ne5 Bxe5 34.Qxe3 Bf6 35.Ne2 Bh4 36.Qe5 Qxe5
37.fxe5 Be4 38.Rd1 Rd8 39.Rxd8+ Bxd8 40.Nd4 Kg8 41.e6 Bf6 42.Kg1 Bxd4+ 43.Bxd4 fxe6
44.c3 a5 45.a4 bxa4 46.g3 g5 47.Kf2 Kf7 48.Be5 Ke7 49.h4 Kf7 50.Ke3 Bd5 51.hxg5 hxg5  1/2-1/2

[Event "Kubanskaja Osen"]
[Site "Krasnodar RUS"]
[Date "2002.11.16"]
[Round "2"]
[White "Bryzgalin,K"]
[Black "Poluljahov,A"]
[Result "0-1"]
[WhiteElo "2439"]
[BlackElo "2501"]

1.e4 c5 2.Nf3 Nc6 3.d4 cxd4 4.Nxd4 Qc7 5.Nc3 e6 6.Be3 a6 7.Qd2 Nf6 8.O-O-O Bb4
9.f3 Ne5 10.Nb3 b5 11.Bd4 Be7 12.Qf2 d6 13.a4 b4 14.Bb6 Qb8 15.Na2 Ned7 16.Ba5 d5
17.Qd2 dxe4 18.Bxb4 Bxb4 19.Qxb4 exf3 20.gxf3 Bb7 21.Nd4 Nd5 22.Qa3 Qf4+
23.Kb1 Ne3 24.Rd3 Nc4 25.Qb4 Bd5 26.Nc3 Rb8 27.Nxd5 exd5 28.Qe1+ Nde5 29.Nb3 O-O
30.Rxd5 Qxf3 31.Bxc4 Nxc4 32.Rd3 Qc6 33.Rg1 Rfc8 34.Rc3 Qxa4 35.Qg3 g6 36.Rd1 Qb5
37.Rd4 Ne5 38.Rxc8+ Rxc8 39.Qg2 Nc6 40.Rd5 Qb8 41.Rc5 Ne7 42.Qe2 Nf5 43.Rxc8+ Qxc8
44.c4 h5 45.c5 Qc6 46.Qe5 Qb5 47.Qc3 Ne7 48.Nd4 Qf1+ 49.Ka2 Qd1 50.Qc4 Qg4
51.Qc3 a5 52.c6 Nd5 53.Qc5 Nb4+ 54.Kb3 Qd1+ 55.Kc4 Qd3+  0-1

[Event "Kubanskaja Osen"]
[Site "Krasnodar RUS"]
[Date "2002.11.19"]
[Round "5"]
[White "Andreev,Ed"]
[Black "Gasanov,E"]
[Result "1-0"]
[WhiteElo "2466"]
[BlackElo "2473"]

1.e4 c5 2.Nf3 Nc6 3.d4 cxd4 4.Nxd4 Qb6 5.Nb3 Nf6 6.Nc3 e6 7.Bd3 d6 8.O-O Be7
9.Be3 Qc7 10.f4 a6 11.Qf3 b5 12.e5 Nd7 13.exd6 Bxd6 14.Bxb5 Bb7 15.Bd3 Nce5
16.Qg3 Nxd3 17.cxd3 O-O 18.Rac1 Qd8 19.Ne4 Be7 20.Bd4 f6 21.Qe3 Re8 22.Nbc5 Bd5
23.Nc3 Nxc5 24.Bxc5 Bxc5 25.Qxc5 Bb7 26.Rcd1 Rc8 27.Qf2 Rc7 28.d4 Bc6 29.f5 Rd7
30.fxe6 Rxe6 31.Rd2 Red6 32.Rfd1 Qb6 33.d5 Qxf2+ 34.Kxf2 Bb7 35.Ke3 Kf7 36.Rd4 f5
37.Rf4 Rf6 38.Kd4 g5 39.Rf2 f4 40.Re2 f3 41.gxf3 Rxf3 42.Rdd2 h5 43.Rf2 Rxf2
44.Rxf2+ Ke8 45.Rf5 Rf7 46.Rxf7 Kxf7 47.Ne4 Kg6 48.Nc5 Bc8 49.d6 Kf5 50.d7 Bxd7
51.Nxd7 Kf4 52.Nf6 h4 53.h3 Kg3 54.Ke3 Kxh3 55.Kf3 a5 56.Ng4 a4 57.Nf2+ Kh2
58.b4 axb3 59.axb3 h3 60.b4 g4+ 61.Nxg4+  1-0

[Event "ch-GRE w"]
[Site "Athens GRE"]
[Date "2002.11.30"]
[Round "3"]
[White "Stiri,A"]
[Black "Botsari,A"]
[Result "1-0"]
[WhiteElo "2170"]
[BlackElo "2320"]

1.e4 c5 2.Nf3 Nc6 3.d4 cxd4 4.Nxd4 Qc7 5.Nc3 e6 6.Be3 a6 7.Qd2 Nf6 8.O-O-O Ng4
9.Bf4 Nge5 10.Nxc6 bxc6 11.Bg3 Be7 12.f4 Ng4 13.e5 f5 14.Be2 Nh6 15.Bf2 Qa5
16.Ne4 Qxa2 17.Nd6+ Bxd6 18.Qxd6 Qa1+ 19.Kd2 Qa5+ 20.Kc1 Nf7 21.Qa3 Qxa3
22.bxa3 a5 23.Rd2 O-O 24.Bc5 Re8 25.Bb6 Nd8 26.Bh5 g6 27.Bf3 Ra6 28.Bf2 Kf7
29.h3 h6 30.g4 Kg7 31.Be2 Ra8 32.Bh4 Ra7 33.Bc4 fxg4 34.hxg4 Nf7 35.Bf6+ Kh7
36.g5 c5 37.gxh6 Rc7 38.Rg1 Bb7 39.f5 Be4 40.fxg6+ Bxg6 41.Bd3 Rg8 42.Rdg2  1-0

[Event "ch-GRE w"]
[Site "Athens GRE"]
[Date "2002.12.04"]
[Round "7"]
[White "Makka,I"]
[Black "Botsari,A"]
[Result "0-1"]
[WhiteElo "2257"]
[BlackElo "2320"]

1.e4 c5 2.Nf3 Nc6 3.d4 cxd4 4.Nxd4 Qc7 5.Nc3 e6 6.g3 a6 7.Bg2 Nf6 8.O-O Bc5
9.Nxc6 dxc6 10.Na4 Ba7 11.c4 b5 12.e5 Nd7 13.cxb5 axb5 14.Nc3 Ba6 15.Ne4 O-O
16.Bf4 Rfd8 17.Qh5 Bd4 18.Nf6+ Nxf6 19.exf6 Qb6 20.fxg7 b4 21.Rfc1 Rac8 22.Rc2 Bd3
23.Rd2 Bg6 24.Qh4 c5 25.Rad1 Re8 26.Bg5 e5 27.Bh6 c4 28.Re2 Red8 29.Bg5 Bxf2+
30.Rxf2 Rxd1+ 31.Bf1 Bd3 32.Kg2 Qc6+ 33.Kg1 Qc5 34.Kg2 Qd5+  0-1

[Event "ch-POL sf"]
[Site "Lubniewice POL"]
[Date "2002.12.04"]
[Round "5"]
[White "Chojnacki,K"]
[Black "Gajewski,G"]
[Result "0-1"]
[WhiteElo "2292"]
[BlackElo "2436"]

1.e4 c5 2.Nf3 Nc6 3.d4 cxd4 4.Nxd4 Qc7 5.Nc3 e6 6.Be3 Nf6 7.f3 a6 8.Qd2 b5
9.O-O-O Bb7 10.Kb1 b4 11.Na4 d5 12.Nxc6 Bxc6 13.Nb6 Rd8 14.exd5 Nxd5 15.Nxd5 Bxd5
16.Bd3 Be7 17.Bg5 Qa5 18.b3 Bxb3 19.cxb3 Bxg5 20.f4 Bf6 21.Qc2 g6 22.Qc6+ Kf8
23.Qxa6 Qc5 24.Qc4 Qb6 25.Be2 Kg7 26.Qe4 Rd5 27.Rxd5 exd5 28.Qd3 Re8 29.Rd1 Qf2
30.Rd2 Re3 31.Qc2 Rxe2 32.Rxe2 Qf1+  0-1

[Event "ch-POL sf"]
[Site "Lubniewice POL"]
[Date "2002.12.06"]
[Round "7"]
[White "Gasik,Ad"]
[Black "Stoma,P"]
[Result "0-1"]
[WhiteElo "1943"]
[BlackElo "2250"]

1.e4 c5 2.Nf3 Nc6 3.d4 cxd4 4.Nxd4 Qc7 5.Be3 Nf6 6.Bd3 e6 7.O-O a6 8.c4 Ne5
9.f4 Neg4 10.Nc2 Nxe3 11.Nxe3 Qb6 12.Re1 Bc5 13.Qe2 Ng4 14.Qxg4 Bxe3+ 15.Kh1 Qxb2
16.Na3 Bf2 17.Nc2 Bxe1 18.Rxe1 O-O 19.e5 f5 20.exf6 Qxf6 21.Rf1 d5 22.cxd5 exd5
23.Qh5 Bf5 24.Bxf5 Qxf5 25.Qd1 Qe4 26.Re1 Qxf4 27.Qxd5+ Qf7 28.Qd3 Rad8 29.Nd4 Qd5  0-1

[Event "FSGM Dec"]
[Site "Budapest HUN"]
[Date "2002.12.07"]
[Round "1"]
[White "Dimitrijevic,A"]
[Black "Ramesh,R"]
[Result "1/2-1/2"]
[WhiteElo "2336"]
[BlackElo "2475"]

1.e4 c5 2.Nf3 Nc6 3.d4 cxd4 4.Nxd4 Qb6 5.Nb3 Nf6 6.Nc3 e6 7.Be3 Qc7 8.f4 Bb4
9.Bd3 O-O 10.O-O Bxc3 11.bxc3 b6 12.Qf3 d6 13.Rae1 e5 14.f5 Nd7 15.Qh5 Ne7
16.Rf3 d5 17.Nd2 Qxc3 18.Qh4 Re8 19.Rh3 Nf8 20.Bb5 Bb7 21.Bxe8 Rxe8 22.Rg3 dxe4
23.Qg5 g6 24.Rf1 Qc6 25.f6 Nd5 26.Nxe4 Re6 27.c4 Nf4 28.Bxf4 Qxe4 29.Bc1 Nd7
30.Ba3 Qd4+ 31.Kh1 Rxf6 32.Qc1 Rxf1+ 33.Qxf1 e4 34.h3 Ne5 35.Qf4 Kg7 36.Bb4 f6
37.Bc3 Qd1+ 38.Kh2 Qd6 39.Bd2 Nxc4 40.Qh6+ Kg8 41.Bf4 Ne5 42.Rc3 g5 43.Bg3 b5
44.Qh5 Kg7 45.h4 b4 46.Rc2 h6 47.hxg5 hxg5 48.Qe8 e3 49.Bxe5 Qxe5+ 50.Qxe5 fxe5
51.Rc7+ Kf6 52.Kg3 Bd5 53.Rxa7 Kf5 54.Ra4 b3 55.axb3 Bxb3 56.Ra3 e2 57.Kf2 Bc4
58.Rf3+ Ke6 59.Rg3 Kf5 60.Rf3+ Kg6 61.Rc3 Bd5 62.g3 Kf5 63.Kxe2 Kg4 64.Rc5 Bf3+
65.Kf2 e4 66.Re5 Bh1  1/2-1/2

[Event "ch-Balkan"]
[Site "Istanbul TUR"]
[Date "2002.12.10"]
[Round "1"]
[White "Erdogdu,M"]
[Black "Miladinovic,I"]
[Result "1/2-1/2"]
[WhiteElo "2318"]
[BlackElo "2518"]

1.e4 c5 2.Nf3 Nc6 3.d4 cxd4 4.Nxd4 Qc7 5.Nc3 e6 6.Be3 a6 7.Qd2 Nf6 8.O-O-O Bb4
9.f3 O-O 10.Kb1 Be7 11.g4 Ne5 12.Rg1 b5 13.g5 Nh5 14.f4 Nc4 15.Bxc4 bxc4
16.f5 g6 17.Nde2 Rb8 18.Ka1 Bc5 19.Bxc5 Qxc5 20.Qd6 Qxd6 21.Rxd6 gxf5 22.exf5 Ng7
23.Ng3 Kh8 24.Rf1 Rg8 25.fxe6 fxe6 26.Rf7 Ne8 27.Rd4 Rxg5 28.Rh4 Rg7 29.Rf8+ Rg8
30.Rf7 Rg7  1/2-1/2

[Event "10th Amitie"]
[Site "Bagneux FRA"]
[Date "2002.12.16"]
[Round "8"]
[White "Seres,L"]
[Black "De Sousa,Jos"]
[Result "1-0"]
[WhiteElo "2465"]
[BlackElo "2304"]

1.e4 c5 2.Nf3 Nc6 3.d4 cxd4 4.Nxd4 Qc7 5.Nb5 Qb8 6.c4 Nf6 7.N5c3 e6 8.Be2 b6
9.O-O Bb7 10.a3 Be7 11.Be3 Bc5 12.Qd2 O-O 13.b4 Be7 14.f4 d6 15.Bf3 Qc8 16.Qf2 a5
17.Na4 Nd7 18.b5 Ncb8 19.Nd2 d5 20.cxd5 Qc2 21.Nxb6 Nxb6 22.Bxb6 Nd7 23.Rac1 Qd3
24.Rc7 Bc8 25.dxe6 fxe6 26.e5 Rb8 27.Ba7 Rxb5 28.Be2  1-0

[Event "Salona Rapid 1hr"]
[Site "Solin-Spilt CRO"]
[Date "2002.12.16"]
[Round "9"]
[White "Zelcic,R"]
[Black "Kozul,Z"]
[Result "0-1"]
[WhiteElo "2554"]
[BlackElo "2565"]

1.e4 c5 2.Nf3 Nc6 3.d4 cxd4 4.Nxd4 Qb6 5.Nb3 Nf6 6.Nc3 e6 7.Bd3 d6 8.O-O a6
9.Kh1 Qc7 10.f4 b5 11.Bd2 Rb8 12.Qf3 b4 13.Ne2 g6 14.c3 Bb7 15.cxb4 d5 16.exd5 Nxb4
17.Bc3 Bxd5 18.Qh3 Qd8 19.Be5 Bd6 20.Nc3 Nxd3 21.Nxd5 Nxe5 22.Nxf6+ Qxf6
23.fxe5 Qxe5 24.Rad1 O-O 25.Nd4 Rxb2 26.Nf3 Qc5 27.Rc1 Qa3 28.Qh6 Be7 29.Ne5 Rb5
30.Nxf7 Rh5 31.Qf4 Bg5 32.Qc4 Bxc1 33.Qxe6 Bf4 34.Ne5+ Kh8 35.Ng4 Rhf5 36.h3 Bg3  0-1

[Event "Salona Rapid 1hr"]
[Site "Solin-Spilt CRO"]
[Date "2002.12.18"]
[Round "13"]
[White "Roschina,T"]
[Black "Kozul,Z"]
[Result "0-1"]
[WhiteElo "2265"]
[BlackElo "2565"]

1.e4 c5 2.Nf3 Nc6 3.d4 cxd4 4.Nxd4 Qb6 5.Nb3 Nf6 6.Nc3 e6 7.Bd3 a6 8.O-O d6
9.Kh1 Qc7 10.f4 b5 11.Bd2 Be7 12.Qf3 Bb7 13.Qh3 O-O 14.Rae1 Rfe8 15.Ne2 g6
16.f5 exf5 17.exf5 Ne5 18.fxg6 hxg6 19.Nbd4 Nxd3 20.cxd3 Qc8 21.Qh6 Qg4 22.Rf2 Bf8
23.Qf4 Qxf4 24.Nxf4 Rxe1+ 25.Bxe1 Ng4 26.Re2 Ne5 27.Bd2 Rc8 28.h3 Bg7 29.Be3 Nd7
30.Nb3 Be5 31.Kg1 Kh7 32.Kf2 g5 33.Nh5 Kg6 34.g4 f5 35.d4 Bh8 36.Bd2 fxg4
37.hxg4 Bd5 38.Re7 Nf6 39.Kg3 Rc2 40.Bb4 Rg2+ 41.Kh3 Nxg4  0-1

[Event "XVIII Winter Open"]
[Site "Nice FRA"]
[Date "2002.12.27"]
[Round "2"]
[White "Lamorelle,J"]
[Black "Miladinovic,I"]
[Result "0-1"]
[WhiteElo "2219"]
[BlackElo "2518"]

1.e4 c5 2.Nf3 Nc6 3.d4 cxd4 4.Nxd4 Qc7 5.Nc3 e6 6.Be2 a6 7.O-O Nf6 8.Bg5 Bd6
9.Kh1 Nxd4 10.Qxd4 Be5 11.Qd3 h6 12.Bd2 g5 13.g3 g4 14.f4 gxf3 15.Rxf3 Rg8
16.Bxh6 b5 17.a3 Bb7 18.Bf4 Rd8 19.Qe3 Ng4 20.Bxe5 Qxe5 21.Qf4 f5 22.Bd3 Qh8
23.h4 Ne5 24.Re3 Rg4 25.Qf2 f4 26.Ree1 Rxg3 27.Qxf4 Rg4  0-1

[Event "Open"]
[Site "Pamplona ESP"]
[Date "2002.12.27"]
[Round "8"]
[White "Fernandez Romero,Ern"]
[Black "Lakos,N"]
[Result "1-0"]
[WhiteElo "2394"]
[BlackElo "2350"]

1.e4 c5 2.Nf3 Nc6 3.d4 cxd4 4.Nxd4 Qc7 5.Nc3 e6 6.Be3 Nf6 7.f4 Bb4 8.Nb5 Qa5
9.Bd2 a6 10.e5 axb5 11.exf6 Bxc3 12.bxc3 g6 13.Bd3 Qd8 14.O-O Qxf6 15.Bxb5 O-O
16.Bd3 d5 17.Qf3 Ne7 18.g4 Bd7 19.Qg3 Ra4 20.h3 Qg7 21.Kh2 f5 22.Rab1 b5
23.g5 Nc8 24.Qe1 Nd6 25.Be3 Ne4 26.Bd4 Rxd4 27.cxd4 Qxd4 28.Qb4 Qe3 29.Bxe4 fxe4
30.Rbe1 Qa7 31.Qd6 Rc8 32.Re2 Rc3 33.Qe7 Qc7 34.Rff2 e3 35.Rf3 Rxc2 36.Rxc2 Qxc2+
37.Kg3 Qc8 38.Rxe3 Qe8 39.Rxe6 Qxe7 40.Rxe7 Bf5 41.Rb7 Bd3 42.a3 Bc4 43.Rd7 Kf8
44.Rxh7 d4 45.Rd7 d3 46.Kf2 Ke8 47.Rd4  1-0

[Event "TCh-NOR Qualifier"]
[Site "NOR"]
[Date "2002.??.??"]
[Round "5"]
[White "Jansson,J"]
[Black "Henriksen,G"]
[Result "1-0"]
[WhiteElo "2259"]
[BlackElo "2209"]

1.e4 c5 2.Nf3 Nc6 3.d4 cxd4 4.Nxd4 Qc7 5.Nc3 e6 6.Be2 a6 7.O-O Nf6 8.Nxc6 bxc6
9.Bg5 Be7 10.Bd3 d5 11.Re1 dxe4 12.Bxe4 Nxe4 13.Nxe4 Bxg5 14.Nxg5 h6 15.Ne4 O-O
16.Re3 Rd8 17.Qh5 Rd5 18.Nf6+ Kf8 19.Nxd5 cxd5 20.Qe5 Qe7 21.Rae1 Bb7 22.Rc3 Rd8
23.Qc7 Rd7 24.Qc5 d4 25.Qxe7+ Kxe7 26.Rd3 Kf6 27.c3 e5 28.cxd4 exd4 29.f3 Bc6
30.b3 a5 31.Red1 Ke5 32.Rc1 Bd5 33.Re1+  1-0

[Event "Inv. Tens"]
[Site "Wijk aan Zee NED"]
[Date "2003.01.17"]
[Round "1"]
[White "L'Ami,E"]
[Black "Erwich,M"]
[Result "1-0"]
[WhiteElo "2438"]
[BlackElo "2342"]

1.e4 c5 2.Nf3 Nc6 3.d4 cxd4 4.Nxd4 Qb6 5.Nb3 Nf6 6.Nc3 e6 7.Qe2 d6 8.g4 Be7
9.g5 Nd7 10.h4 a6 11.Be3 Qc7 12.O-O-O b5 13.a3 Bb7 14.f4 b4 15.axb4 Nxb4
16.Bh3 a5 17.Nd4 Nc5 18.f5 e5 19.Ndb5 Qc6 20.f6 gxf6 21.gxf6 Bf8 22.Qc4 Nxe4
23.Nxe4 Qxe4 24.Nc7+ Kd8 25.Qxe4 Bxe4 26.Nxa8 Bxa8 27.Bb6+ Ke8 28.Rhe1 Nd5
29.Bxa5 Nxf6 30.Kb1 Be7 31.Rd3 Bd5 32.Rc3  1-0

[Event "TCh-CZE 2002-3"]
[Site "Czech Rep CZE"]
[Date "2003.01.18"]
[Round "5"]
[White "Chytilek,R"]
[Black "Oral,T"]
[Result "1/2-1/2"]
[WhiteElo "2394"]
[BlackElo "2550"]

1.e4 c5 2.Nf3 Nc6 3.d4 cxd4 4.Nxd4 Qc7 5.Nxc6 bxc6 6.Bd3 e5 7.O-O Nf6 8.f4 Bc5+
9.Kh1 d6 10.Qe1 exf4 11.Bxf4 Bd4 12.Nd2 Be6 13.c3 Be5 14.Bxe5 dxe5 15.Qg3 Nh5  1/2-1/2

[Event "11th Vasja Pirc Mem"]
[Site "Maribor SLO"]
[Date "2003.02.20"]
[Round "5"]
[White "Dimitrijevic,A"]
[Black "Sakelsek,T"]
[Result "1/2-1/2"]
[WhiteElo "2369"]
[BlackElo "2320"]

1.e4 c5 2.Nf3 Nc6 3.d4 cxd4 4.Nxd4 Qc7 5.Nc3 e6 6.Be3 a6 7.Be2 Nf6 8.O-O Bb4
9.Na4 O-O 10.c4 Bd6 11.f4 Nxe4 12.Bd3 f5 13.Bxe4 fxe4 14.Nxc6 dxc6 15.c5 Be7
16.Qd4 Bf6 17.Qxe4 Bd7 18.Nb6 Rae8 19.Rad1 Bc8 20.b4 g6 21.Rd6 Bg7 22.Bd4 e5
23.Bxe5 Bxe5 24.Qc4+ Qf7 25.fxe5 Qxc4 26.Nxc4 Rxf1+ 27.Kxf1 Be6 28.Na5 Bc8
29.a3 Kf7 30.Nc4 Be6 31.Ne3 Bc8 32.Nc4 Be6 33.Na5 Bc8 34.Kf2  1/2-1/2

[Event "Open"]
[Site "Cappelle la Grande FRA"]
[Date "2003.02.22"]
[Round "1"]
[White "Upton,T"]
[Black "Teske,H"]
[Result "0-1"]
[WhiteElo "2322"]
[BlackElo "2531"]

1.e4 c5 2.Nf3 Nc6 3.d4 cxd4 4.Nxd4 Qc7 5.Nc3 e6 6.Be2 a6 7.O-O Nf6 8.Be3 Bb4
9.Na4 O-O 10.Nxc6 bxc6 11.c4 h6 12.g3 Nxe4 13.Bf3 Nf6 14.Bg2 Be7 15.Rc1 d6
16.Re1 e5 17.Bb6 Qb7 18.c5 d5 19.Rxe5 Be6 20.Qe2 Rae8 21.Re1 Kh8 22.b4 Nd7
23.Re3 Nxb6 24.Nxb6 Bd8 25.f4 Bxb6 26.f5 Ba7 27.a3 a5 28.fxe6 fxe6 29.Rxe6 Rxe6
30.Qxe6 axb4  0-1

[Event "Open"]
[Site "Cappelle la Grande FRA"]
[Date "2003.02.22"]
[Round "1"]
[White "Ciuksyte,D"]
[Black "Hasangatin,R"]
[Result "1/2-1/2"]
[WhiteElo "2317"]
[BlackElo "2523"]

1.e4 c5 2.Nf3 Nc6 3.d4 cxd4 4.Nxd4 Qc7 5.Nb3 Nf6 6.Nc3 e6 7.Bd3 a6 8.O-O b5
9.f4 b4 10.Na4 d6 11.Be3 Rb8 12.c3 Bd7 13.Rc1 Be7 14.cxb4 Rxb4 15.Nd2 a5
16.a3 Rb8 17.Nc4 O-O 18.Bb1 Rb7 19.Rf2 Rfb8 20.Rd2 Ne8 21.Kh1 Qd8 22.Bg1 Bf8
23.Rc3 g6 24.Rcd3 Na7 25.Nc5 dxc5 26.Rxd7 Qf6 27.Rxb7 Rxb7 28.Rd8 Qe7 29.e5 Nc6
30.Rc8 Nd4 31.Qa4 Rd7 32.Nb6 Rd8 33.Qxa5 Rxc8 34.Nxc8 Qh4 35.g3 Qh5 36.Qd2 Qf3+
37.Qg2 Qb3 38.Be4 Nc7 39.Bxd4 cxd4 40.Qc2 Qe3 41.Nd6  1/2-1/2

[Event "ch-CZE w"]
[Site "Lahucovice CZE"]
[Date "2003.02.22"]
[Round "2"]
[White "Medunova,V"]
[Black "Krupkova,P"]
[Result "0-1"]
[WhiteElo "2188"]
[BlackElo "2301"]

1.e4 c5 2.Nf3 Nc6 3.d4 cxd4 4.Nxd4 Qc7 5.Nb5 Qb8 6.Bd3 a6 7.N5c3 b5 8.O-O e6
9.f4 d6 10.Kh1 Nf6 11.f5 Be7 12.Bg5 b4 13.Ne2 h6 14.Bh4 Ne5 15.Bf2 O-O 16.Nf4 Qb7
17.Nh5 Nxe4 18.Bxe4 Qxe4 19.Nd2 Qg4 20.f6 Bxf6 21.Nxf6+ gxf6 22.Qxg4+ Nxg4
23.Bh4 f5 24.Be7 Re8 25.Bxd6 Bb7 26.Rae1 a5 27.Nb3 Rec8 28.Nc5 Bd5 29.h3 Nf6
30.Be7 Nh5 31.Kh2 Ra7 32.Bd6 Rc6 33.g4 Rxd6 34.gxh5 Rc7 35.Rg1+ Kf8 36.Na4 Rxc2+
37.Kg3 Bxa2 38.Kf4 Rc4+ 39.Ke5 Ke7  0-1

[Event "11th Vasja Pirc Mem"]
[Site "Maribor SLO"]
[Date "2003.02.22"]
[Round "8"]
[White "Sakelsek,T"]
[Black "Kozul,Z"]
[Result "0-1"]
[WhiteElo "2320"]
[BlackElo "2587"]

1.e4 c5 2.Nf3 Nc6 3.d4 cxd4 4.Nxd4 Qb6 5.Nb3 Nf6 6.Nc3 e6 7.Qe2 Bb4 8.Bd2 O-O
9.a3 Be7 10.O-O-O d6 11.g4 a6 12.g5 Nd7 13.h4 Qc7 14.h5 b5 15.Kb1 Rb8 16.f4 Nc5
17.Qg2 b4 18.axb4 Nxb3 19.cxb3 Nxb4 20.g6 Bf6 21.Rc1 Qa5 22.Na4 Bd7 23.e5 dxe5
24.Rc5 Qd8 25.fxe5 Bxe5 26.gxh7+ Kh8 27.Bxb4 Bxa4 28.Bc4 Rxb4 29.Rxe5 Bxb3
30.Rg1 Qf6 31.Rg5 Rxc4  0-1

[Event "ch-CZE"]
[Site "Lahucovice CZE"]
[Date "2003.02.23"]
[Round "6"]
[White "Kanovsky,D"]
[Black "Hracek,Z"]
[Result "0-1"]
[WhiteElo "2271"]
[BlackElo "2601"]

1.e4 c5 2.Nf3 Nc6 3.d4 cxd4 4.Nxd4 Qc7 5.Nc3 e6 6.g3 a6 7.Bg2 Nf6 8.O-O d6
9.Nxc6 bxc6 10.Na4 Bb7 11.c4 c5 12.Nc3 Be7 13.b3 Nd7 14.Bb2 Bf6 15.Qd2 Rd8
16.f4 O-O 17.Rad1 Bd4+ 18.Kh1 Nf6 19.Rde1 Bc6 20.Nd1 Bxb2 21.Qxb2 a5 22.Nc3 a4
23.e5 dxe5 24.fxe5 Ng4 25.Nxa4 Bxg2+ 26.Qxg2 Nxe5 27.Qe4 Nd3 28.Re3 Rd4 29.Qf3 Ne5
30.Qe2 f6 31.h3 Rfd8 32.Qg2 Rd2 33.Re2 R2d3 34.Nb2 R3d4 35.Na4 Qa5 36.Kh2 Rd3
37.Rff2 h6 38.Qb7 Rd1 39.Qg2 R8d7 40.Rf1 R1d6 41.Rf4 Nd3 42.Rf1 Ne5 43.Rf4 Nc6
44.Rf1 Nd4 45.Ref2 f5 46.Nb2 e5 47.g4 f4 48.Qe4 Nc6 49.Nd3 Rxd3 50.Qxc6 Qc3
51.Qe6+ Kh7 52.g5 hxg5 53.Qg4 R7d6 54.Qf5+ Rg6 55.Rg2 Rxh3+  0-1

[Event "10th Metalis Open"]
[Site "Bizovac CRO"]
[Date "2003.02.26"]
[Round "1"]
[White "Zelcic,R"]
[Black "Margeta,Z"]
[Result "1-0"]
[WhiteElo "2576"]
[BlackElo "2091"]

1.e4 c5 2.Nf3 Nc6 3.d4 cxd4 4.Nxd4 Qc7 5.Nc3 Nf6 6.Be2 a6 7.O-O e6 8.Be3 b5
9.Nxc6 dxc6 10.f4 Bb4 11.e5 Nd5 12.Nxd5 cxd5 13.Qd4 Be7 14.a4 b4 15.c4 bxc3
16.Rac1 Qa5 17.Rxc3 Bd7 18.Rfc1 O-O 19.Rc7 Rfd8 20.Bd2 Qxa4 21.Qxa4 Bxa4
22.Rxe7 Rab8 23.b4 a5 24.Rcc7 Rf8 25.f5 axb4 26.fxe6 b3 27.exf7+ Kh8 28.Rb7 b2
29.Rxb8 Rxb8 30.Rb7 b1=Q+ 31.Rxb1 Rxb1+ 32.Kf2 Rb8 33.e6 d4 34.e7  1-0

[Event "FSIMB March"]
[Site "Budapest HUN"]
[Date "2003.03.02"]
[Round "2"]
[White "Farago,S"]
[Black "Yeke,S"]
[Result "1-0"]
[WhiteElo "2334"]
[BlackElo "2277"]

1.e4 c5 2.Nf3 Nc6 3.d4 cxd4 4.Nxd4 Qc7 5.Nc3 e6 6.Be3 a6 7.Qd2 Bb4 8.a3 Be7
9.Be2 Nf6 10.f4 d6 11.O-O-O Rb8 12.g4 b5 13.g5 Nd7 14.Nd5 exd5 15.Nf5 d4
16.Bxd4 Nxd4 17.Qxd4 Rg8 18.Nxg7+ Kf8 19.Nf5 Nc5 20.Kb1 Bb7 21.Bf3 Rc8 22.Rhe1 a5
23.Re3 Ne6 24.Qd2 Nxg5 25.fxg5 Bxg5 26.Rg1 Bxe3 27.Rxg8+ Kxg8 28.Qg2+ Kf8
29.Qg7+ Ke8 30.Nxe3 Qc5 31.Qg8+ Ke7 32.Qg1 Kf8 33.Qc1 b4 34.Nf5 Ke8 35.Qd2 Kd7
36.Nd4 Rg8 37.Nb3 Rg1+ 38.Ka2 Qg5 39.Qd3 a4 40.Nd4 Qc5 41.axb4 Qxb4 42.c3 Qc5
43.Be2 Qe5 44.Qc4 Qxe4 45.Qxf7+ Kc8 46.Qf8+ Kd7 47.Qf7+ Kc8 48.Bc4 Qb1+ 49.Ka3 Qa1+
50.Ba2 Rg2 51.Qc4+ Kd7 52.Qb5+ Kc8 53.Ne6 Be4 54.Qb6 Kd7 55.Qd8+ Kc6 56.Qc7+ Kb5
57.c4+ Ka6 58.Qxd6+ Ka7 59.Qd4+ Kb8 60.Nc5 Bf5 61.Qe5+  1-0

[Event "Jch-RUS b20"]
[Site "Essentuki RUS"]
[Date "2003.03.05"]
[Round "4"]
[White "Kosintseva,T"]
[Black "Torbin,K"]
[Result "1/2-1/2"]
[WhiteElo "2457"]
[BlackElo "2387"]

1.e4 c5 2.Nf3 Nc6 3.d4 cxd4 4.Nxd4 Qb6 5.Nb3 Nf6 6.Bd3 e6 7.O-O Qc7 8.Nc3 a6
9.f4 d6 10.Qf3 Be7 11.Be3 O-O 12.Rae1 Re8 13.g4 Nd7 14.g5 b5 15.Qh5 g6 16.Qh6 Bf8
17.Qh4 Bb7 18.Rf3 Nb4 19.Rh3 h6 20.gxh6 Kh7 21.Nd4 Nxd3 22.cxd3 f5 23.Nf3 Be7
24.Ng5+ Bxg5 25.Qxg5 Qd8 26.Bf2 b4 27.Nd1 Qf6 28.Qxf6 Nxf6 29.Bh4 Nd7 30.exf5 gxf5
31.Ne3 Rg8+ 32.Bg5 Ne5 33.Nc4 Nxc4 34.dxc4 Be4 35.Kf2 Rac8 36.Rc1 Rc5 37.a3 Rb8
38.axb4 Rxb4 39.b3 Ra5 40.Be7 Ra2+ 41.Ke1 Rb6 42.Rcc3 Rg2 43.Bf8 Rg4 44.Rcg3 a5
45.Rxg4 fxg4 46.Re3 Bf5 47.Bg7 Rb4 48.Bf8 a4 49.bxa4 Rxc4 50.Rb3 Be4 51.a5 Ra4
52.Rc3 Rxa5 53.Rc7+ Kh8 54.Bxd6 Rh5 55.Be5+ Kg8 56.Rg7+ Kf8 57.Bd6+ Ke8 58.Re7+ Kd8
59.Rxe6 Kd7 60.Rxe4 Kxd6 61.Re2 Rxh6 62.Kf1 Rh3 63.Kg2 Ra3 64.Re5 Rf3 65.Re4 Kd5
66.Ra4 Ke6 67.Rb4  1/2-1/2